000 00751nam a2200253Ia 4500
003 OSt
005 20220928112211.0
006 a|||||r|||| 00| 0
007 ta
008 220927b |||||||| |||| 00| 0 eng d
020 _cUKP 28.99
024 _a141783
037 _b1776, 08/01/2020, Bright Book Service
_cTextual
040 _aSDCL
_cSDCL
_beng
041 _2eng
_aeng
082 _aR:(W), Q7
100 _aFiala Andrew Ed.
_9426794
245 0 _aBloomsbury companion to political philosophy
260 _aNew Delhi
_bBloomsbury Academic
_c2017
300 _aix,271p.
_ccm.
650 _aPhilosophy
942 _hR:(W), Q7
_cTEXL
_2CC
999 _c743715
_d743715